| 000 | 00842nam a22002417a 4500 | ||
|---|---|---|---|
| 999 |
_c20346 _d20346 |
||
| 003 | AR-CdUCM | ||
| 008 | 190517b ||||| |||| 00| 0 spa d | ||
| 040 |
_aMUNICIPALIDAD PROVINCIAL DEL CUSCO _cBIBLIOTECA MUNICIPAL DEL CUSCO |
||
| 041 | _heng | ||
| 082 |
_a530.08 / _bEF27 |
||
| 100 |
_aEfron, Alexander _939994 |
||
| 245 | _aEl mundo de la luz / | ||
| 260 |
_aBuenos Aires : _bSebastian de amorrotu, _c1971. |
||
| 300 |
_a137 páginas ; _c23 cm. |
||
| 505 | _aContenido: Introducción al estudio de la luz -- Reflexión -- Refracción -- El movimiento ondulatorio y la luz... | ||
| 650 |
_aLuz _915838 |
||
| 650 |
_aEspectro variable _942552 |
||
| 650 |
_aInstrumentos ópticos _942553 |
||
| 700 |
_aLafulla, Jaime (traductor) _942554 |
||
| 710 |
_aCentro Regional de Ayuda Técnica _910048 |
||
| 942 |
_2ddc _cLIBROS |
||
| 945 | _aAndy | ||